|
|
|
|
| LEADER |
01816cas a2200241 a 4500 |
| 001 |
AALejournalIMF005771 |
| 008 |
230101c9999 xx r poo 0 0eng d |
| 020 |
|
|
|c 5.00 USD
|
| 020 |
|
|
|z 9781451809695
|
| 022 |
|
|
|a 1934-7685
|
| 040 |
|
|
|a BD-DhAAL
|c BD-DhAAL
|
| 110 |
2 |
|
|a International Monetary Fund.
|
| 245 |
1 |
0 |
|a Costa Rica :
|b Request for Stand-By Arrangement; Staff Report; Staff Supplement and Statement; Press Release on the Executive Board Discussion; and Statement by the Executive Director for Costa Rica.
|
| 264 |
|
1 |
|a Washington, D.C. :
|b International Monetary Fund,
|c 2009.
|
| 300 |
|
|
|a 1 online resource (82 pages)
|
| 490 |
1 |
|
|a IMF Staff Country Reports
|
| 500 |
|
|
|a <strong>Off-Campus Access:</strong> No User ID or Password Required
|
| 500 |
|
|
|a <strong>On-Campus Access:</strong> No User ID or Password Required
|
| 506 |
|
|
|a Electronic access restricted to authorized BRAC University faculty, staff and students
|
| 520 |
3 |
|
|a This paper discusses the request from Costa Rica for a Stand-By Arrangement (SBA). The program seeks to enable an orderly adjustment of the Costa Rican economy to an adverse external environment, while mitigating its adverse effects on growth and household incomes. To strengthen the external position, the authorities have tightened monetary conditions and increased exchange rate flexibility. Fiscal policy will be geared toward mitigating the impact of the adjustment on domestic activity and the most vulnerable population. IMF financial support is intended to bolster investor confidence in the authorities' policy framework.
|
| 538 |
|
|
|a Mode of access: Internet
|
| 830 |
|
0 |
|a IMF Staff Country Reports; Country Report ;
|v No. 2009/134
|
| 856 |
4 |
0 |
|z Full text available on IMF
|u http://elibrary.imf.org/view/journals/002/2009/134/002.2009.issue-134-en.xml
|z IMF e-Library
|